000 00702nam a2200241Ia 4500
005 20260430150655.0
008 008 250103s9999 xx 000 0 eng d
037 _aTheses
040 _aCRL
040 _beng
040 _ceng
041 _2eng
041 _aeng
084 _qCRL
100 _aAlish Mohan Au.; Goswami Shailender Kumar Gu.
_91238176
245 0 _aResearch on Characteristics of Sound in Acoustic, Electronics & Digital Domain and its Practical use in Modern Music Production
260 _c2024
300 _a236p.
650 _aMusic
700 _aUniversity of Delhi. Faculty of Music and Fine Arts. Deptt. of Music
942 _cTH
999 _c1850359
_d1850359